[Event "Tehran Paytakht Cup 1st"]
[Site "Tehran"]
[Date "2016.10.29"]
[Round "6"]
[White "Rastbod, Ali"]
[Black "Nasri, Amin"]
[Result "1-0"]
[WhiteElo "2134"]
[BlackElo "2248"]
[PlyCount "31"]
[EventDate "2016.10.25"]
[EventType "swiss"]
[EventRounds "9"]
[EventCountry "IRI"]
[SourceTitle "EXT 2018"]
[Source "ChessBase"]
[SourceDate "2017.10.13"]
[SourceVersion "1"]
[SourceVersionDate "2017.10.13"]
[SourceQuality "1"]

1. d4 Nf6 2. c4 e6 3. Nf3 Bb4+ 4. Bd2 Qe7 5. g3 Nc6 6. Bg2 0-0 7. 0-0 Bxd2 8. Qxd2 d5 9. Qc2 Rd8 10. Rd1 dxc4 11. Na3 Nb4 12. Qxc4 c6 13. Qc5 Kf8 14. Ne5 Nd7 15. Qc3 Nxa2 16. Nxd7+ 1-0

[Event "American op 51st"]
[Site "Orange"]
[Date "2015.11.28"]
[Round "5"]
[White "Bryant, John Daniel"]
[Black "Nasri, Amin"]
[Result "1-0"]
[WhiteElo "2409"]
[BlackElo "2292"]
[PlyCount "119"]
[EventDate "2015.11.26"]
[EventType "swiss"]
[EventRounds "8"]
[EventCountry "USA"]
[SourceTitle "EXT 2017"]
[Source "ChessBase"]
[SourceDate "2016.10.25"]
[SourceVersion "1"]
[SourceVersionDate "2016.10.25"]
[SourceQuality "1"]

1. e4 e5 2. Nf3 Nc6 3. Bb5 a6 4. Ba4 Nf6 5. 0-0 d6 6. Bxc6+ bxc6 7. d4 exd4 8. Nxd4 c5 9. Nc6 Qd7 10. Na5 Be7 11. Nc3 0-0 12. Bf4 Rb8 13. b3 Re8 14. h3 Bf8 15. Re1 Re6 16. Qf3 Qe8 17. Re3 g6 18. Rae1 Nh5 19. Nd5 Qd7 20. e5 Rb5 21. Nc4 Bb7 22. Rd1 Bxd5 23. Rxd5 c6 24. Rxd6 Bxd6 25. Rd3 Nxf4 26. Qxf4 Rb4 27. exd6 f6 28. a3 Rb8 29. Qd2 Kg7 30. Qa5 Rbe8 31. Kh2 Re2 32. Qc7 R8e7 33. Qb6 Re8 34. Qxc5 Rxc2 35. Qd4 Rce2 36. Nb6 Qb7 37. Rf3 R2e6 38. b4 Rd8 39. Nc4 Qb8 40. Rd3 Rd7 41. Qc5 Qb7 42. Rd4 Rd8 43. a4 Qd7 44. Qb6 Ra8 45. Qc7 Ra7 46. Qb6 Ra8 47. Qa5 Ra7 48. Qc5 h5 49. Nb6 Qe8 50. d7 Qd8 51. a5 Rc7 52. Rd6 Re5 53. Qc4 c5 54. bxc5 Rexc5 55. Qxa6 Rc2 56. Qa8 Qe7 57. Qd5 Qd8 58. Re6 R7c5 59. Qd6 f5 60. Qe7+ 1-0

[Event "American op 51st 3-day G/60"]
[Site "Orange"]
[Date "2015.11.27"]
[Round "2"]
[White "Diaz, Conrado"]
[Black "Nasri, Amin"]
[Result "0-1"]
[WhiteElo "2259"]
[BlackElo "2292"]
[PlyCount "81"]
[EventDate "2015.11.27"]
[EventType "swiss (rapid)"]
[EventRounds "4"]
[EventCountry "USA"]
[SourceTitle "EXT 2017"]
[Source "ChessBase"]
[SourceDate "2016.10.25"]
[SourceVersion "1"]
[SourceVersionDate "2016.10.25"]
[SourceQuality "1"]

1. d4 Nf6 2. Nf3 e6 3. c3 b6 4. Bf4 Bb7 5. Nbd2 Be7 6. e3 d6 7. h3 0-0 8. Bc4 c5 9. 0-0 cxd4 10. exd4 Nbd7 11. Re1 Re8 12. a4 a6 13. Bh2 Bf8 14. Qb3 h6 15. Bf1 Qc7 16. Rac1 Rad8 17. Qa2 Qb8 18. b4 Qa8 19. c4 e5 20. dxe5 dxe5 21. Qb2 e4 22. Nd4 a5 23. Nb5 Bxb4 24. Nc7 Qc8 25. Nxe8 Rxe8 26. Bf4 Nc5 27. Qc2 Bc6 28. Ra1 Qd7 29. Be3 Bxa4 30. Qa2 Bc6 31. Red1 Qc7 32. Nb3 Nxb3 33. Qxb3 Nd7 34. Qb2 Nc5 35. Qc2 a4 36. Be2 Nb3 37. Rab1 Bc5 38. Qc3 Qe7 39. Bxc5 bxc5 40. Rxb3 axb3 41. Qxb3 0-1

[Event "Las Vegas Millionaire op"]
[Site "Las Vegas"]
[Date "2015.10.08"]
[Round "1"]
[White "Robson, Ray"]
[Black "Nasri, Amin"]
[Result "1-0"]
[WhiteElo "2680"]
[BlackElo "2284"]
[PlyCount "62"]
[EventDate "2015.10.08"]
[EventType "swiss"]
[EventRounds "9"]
[EventCountry "USA"]
[SourceTitle "CBM 168 Extra"]
[Source "ChessBase"]
[SourceDate "2015.10.29"]
[SourceVersion "1"]
[SourceVersionDate "2015.10.29"]
[SourceQuality "1"]

1. e4 e5 2. Nf3 Nc6 3. Bb5 a6 4. Ba4 Nf6 5. 0-0 d6 6. c3 Bd7 7. Re1 g6 8. d4 b5 9. Bc2 Bg7 10. Nbd2 0-0 11. Nf1 exd4 12. Nxd4 Qc8 13. a3 Qb7 14. Nxc6 Bxc6 15. f3 Rfe8 16. Bd2 Re7 17. Bg5 h6 18. Bh4 Rae8 19. Ne3 d5 20. exd5 Bxd5 21. Qd4 Re6 22. Nxd5 Nxd5 23. Qd2 Ne3 24. Be4 Nc4 25. Bxb7 Nxd2 26. Bxa6 Rb8 27. Rxe6 fxe6 28. Bg3 e5 29. Rd1 Nc4 30. Rd7 Nxb2 31. Rxc7 Na4 1-0

[Event "Al Ain op 3rd"]
[Site "Al Ain"]
[Date "2014.12.23"]
[Round "6"]
[White "Khademalsharieh, Sarasadat"]
[Black "Nasri, Amin"]
[Result "0-1"]
[WhiteElo "2378"]
[BlackElo "2275"]
[PlyCount "54"]
[EventDate "2014.12.19"]
[EventType "swiss"]
[EventRounds "9"]
[EventCountry "UAE"]
[SourceTitle "CBM 164 Extra"]
[Source "ChessBase"]
[SourceDate "2015.03.02"]
[SourceVersion "1"]
[SourceVersionDate "2015.03.02"]
[SourceQuality "1"]

1. d4 Nf6 2. Nf3 e6 3. c4 Bb4+ 4. Nbd2 0-0 5. a3 Bxd2+ 6. Qxd2 b6 7. e3 Ne4 8. Qc2 Bb7 9. Be2 f5 10. 0-0 d6 11. b4 Nd7 12. Bb2 Rf6 13. d5 Rg6 14. Rad1 c5 15. Ne1 Qh4 16. f3 Rh6 17. fxe4 Qxh2+ 18. Kf2 Qh4+ 19. g3 Qh2+ 20. Ng2 Rf8 21. Bf3 Rh3 22. Ke1 Rxg3 23. Rd2 fxe4 24. Bxe4 exd5 25. cxd5 Ba6 26. Rxf8+ Nxf8 27. Kd1 Qg1+ 0-1

[Event "Istanbul op"]
[Site "Istanbul"]
[Date "2014.09.03"]
[Round "4"]
[White "Nasri, Amin"]
[Black "Haznedaroglu, Kivanc"]
[Result "1/2-1/2"]
[WhiteElo "2311"]
[BlackElo "2471"]
[PlyCount "21"]
[EventDate "2014.09.01"]
[EventType "swiss"]
[EventRounds "9"]
[EventCountry "TUR"]
[SourceTitle "CBM 162 Extra"]
[Source "ChessBase"]
[SourceDate "2014.10.17"]
[SourceVersion "1"]
[SourceVersionDate "2014.10.17"]
[SourceQuality "1"]

1. d4 Nf6 2. c4 e6 3. Nc3 Bb4 4. Qc2 0-0 5. Bg5 c5 6. e3 cxd4 7. exd4 d5 8. cxd5 exd5 9. Bd3 h6 10. Bh4 Nc6 11. Nge2 1/2-1/2

[Event "Istanbul op"]
[Site "Istanbul"]
[Date "2014.09.02"]
[Round "2"]
[White "Nasri, Amin"]
[Black "Zeydan, Salih"]
[Result "1-0"]
[WhiteElo "2311"]
[BlackElo "1930"]
[PlyCount "51"]
[EventDate "2014.09.01"]
[EventType "swiss"]
[EventRounds "9"]
[EventCountry "TUR"]
[SourceTitle "CBM 162 Extra"]
[Source "ChessBase"]
[SourceDate "2014.10.17"]
[SourceVersion "1"]
[SourceVersionDate "2014.10.17"]
[SourceQuality "1"]

1. d4 Nf6 2. c4 c5 3. d5 b5 4. Qc2 e6 5. e4 bxc4 6. Nc3 d6 7. Bxc4 exd5 8. Nxd5 Nc6 9. Nf3 Be7 10. 0-0 0-0 11. h3 Rb8 12. a3 Na5 13. Ba2 c4 14. Nc3 Nb3 15. Rb1 Qa5 16. Bf4 Be6 17. Rfd1 Rb6 18. Nd4 Nd7 19. Nd5 Bxd5 20. Nf5 Bf6 21. Rxd5 Qa4 22. Bxd6 Rc8 23. e5 Bd8 24. Rbd1 Rb7 25. Bxb3 Rxb3 26. Be7 1-0

[Event "Tehran Alborz op 1st"]
[Site "Tehran"]
[Date "2014.03.09"]
[Round "5"]
[White "Tabatabaei, Mohammad Amin"]
[Black "Nasri, Amin"]
[Result "1-0"]
[WhiteElo "2203"]
[BlackElo "2340"]
[PlyCount "83"]
[EventDate "2014.03.06"]
[EventType "swiss"]
[EventRounds "11"]
[EventCountry "IRI"]
[SourceTitle "CBM 159 Extra"]
[Source "ChessBase"]
[SourceDate "2014.04.24"]
[SourceVersion "1"]
[SourceVersionDate "2014.04.24"]
[SourceQuality "1"]

1. e4 c5 2. Nf3 e6 3. d4 cxd4 4. Nxd4 a6 5. Nc3 Qc7 6. Bd3 Nf6 7. Qe2 d6 8. f4 Nbd7 9. g4 Nc5 10. g5 Nfd7 11. Bd2 g6 12. Rc1 Bg7 13. Be3 Qa5 14. f5 Be5 15. fxe6 Nxe6 16. Nxe6 fxe6 17. 0-0 Qd8 18. a4 b6 19. Rf3 Rf8 20. Rcf1 Rxf3 21. Qxf3 Qe7 22. Qh3 Nc5 23. a5 bxa5 24. Bxc5 dxc5 25. Qg4 Rb8 26. Bc4 Bd7 27. Nd1 a4 28. Bxa6 c4 29. Kh1 c3 30. bxc3 a3 31. Bc4 Rc8 32. Bb3 Rb8 33. Ne3 Bxc3 34. Qg3 Rc8 35. Nc4 Bb4 36. Qe5 Kd8 37. Rd1 Ke8 38. Qh8+ Qf8 39. Qxf8+ Bxf8 40. Nb6 a2 41. Nxc8 Bxc8 42. Bxa2 1-0

[Event "Rasht Khazar op 12th"]
[Site "Rasht"]
[Date "2014.02.17"]
[Round "8"]
[White "Nasri, Amin"]
[Black "Manukyan, Sargis V"]
[Result "1-0"]
[WhiteElo "2340"]
[BlackElo "2253"]
[PlyCount "69"]
[EventDate "2014.02.11"]
[EventType "swiss"]
[EventRounds "9"]
[EventCountry "IRI"]
[SourceTitle "CBM 158 Extra"]
[Source "ChessBase"]
[SourceDate "2014.02.28"]
[SourceVersion "1"]
[SourceVersionDate "2014.02.28"]
[SourceQuality "1"]

1. d4 Nf6 2. c4 c5 3. d5 e6 4. Nc3 exd5 5. cxd5 Bd6 6. Nf3 0-0 7. Bg5 Re8 8. e3 Bc7 9. d6 Ba5 10. Bc4 b5 11. Bd5 Nc6 12. Qb3 Kf8 13. 0-0 Bxc3 14. bxc3 h6 15. Bh4 g5 16. Nxg5 hxg5 17. Bxg5 Kg7 18. Qxb5 Rb8 19. Qa4 Rh8 20. e4 Qe8 21. Bxf6+ Kxf6 22. f4 Rh6 23. e5+ Kg7 24. Rf2 Rb6 25. Re1 Rxd6 26. Qe4 Rh6 27. f5 Qh8 28. g3 Qf8 29. e6 dxe6 30. fxe6 Bxe6 31. Bxc6 Qb8 32. Bd5 Rb2 33. Rxb2 Qxb2 34. Qe5+ Kf8 35. Bg2 1-0

[Event "IRI-ch"]
[Site "Tabriz"]
[Date "2013.12.05"]
[Round "11"]
[White "Noroozi, Omid"]
[Black "Nasri, Amin"]
[Result "1-0"]
[WhiteElo "2372"]
[BlackElo "2320"]
[PlyCount "54"]
[EventDate "2013.11.27"]
[EventType "swiss"]
[EventRounds "11"]
[EventCountry "IRI"]
[SourceTitle "CBM 157 Extra"]
[Source "ChessBase"]
[SourceDate "2013.12.19"]
[SourceVersion "1"]
[SourceVersionDate "2013.12.19"]
[SourceQuality "1"]

1. Nf3 c5 2. e4 e6 3. Nc3 a6 4. g3 b5 5. Bg2 Bb7 6. d4 cxd4 7. Nxd4 d6 8. 0-0 Qc7 9. Re1 Be7 10. a4 bxa4 11. Rxa4 Nd7 12. Qg4 h5 13. Nxe6 fxe6 14. Qxe6 Ngf6 15. Be3 Rb8 16. Bd4 Bc8 17. Qa2 h4 18. Nd5 Nxd5 19. exd5 hxg3 20. hxg3 Nc5 21. Rc4 Qd8 22. Bxg7 Rh7 23. Bf6 Kf7 24. Bc3 Bg5 25. b4 Nd7 26. Qa1 Nb6 27. Rce4 Bf5 1-0

[Event "IRI-ch"]
[Site "Tabriz"]
[Date "2013.12.03"]
[Round "9"]
[White "Darban Vaighani, Morteza"]
[Black "Nasri, Amin"]
[Result "0-1"]
[WhiteElo "2371"]
[BlackElo "2320"]
[PlyCount "126"]
[EventDate "2013.11.27"]
[EventType "swiss"]
[EventRounds "11"]
[EventCountry "IRI"]
[SourceTitle "CBM 157 Extra"]
[Source "ChessBase"]
[SourceDate "2013.12.19"]
[SourceVersion "1"]
[SourceVersionDate "2013.12.19"]
[SourceQuality "1"]

1. e4 e5 2. Bc4 Nf6 3. d3 Nc6 4. Nf3 Be7 5. 0-0 0-0 6. Re1 d6 7. c3 Na5 8. Bb5 a6 9. Ba4 b5 10. Bc2 c5 11. d4 Qc7 12. Bg5 cxd4 13. cxd4 Bg4 14. Nbd2 h6 15. Bh4 Nc4 16. Nxc4 bxc4 17. dxe5 dxe5 18. Bg3 Rad8 19. Bxe5 Qc5 20. Bd4 Bxf3 21. Bxc5 Bxd1 22. Bxe7 Bxc2 23. Bxd8 Rxd8 24. f3 Rd2 25. Rf1 Ba4 26. Rf2 Rd4 27. Kf1 Nd7 28. Ke1 Nc5 29. Rd2 Nd3+ 30. Ke2 Nf4+ 31. Ke3 Rxd2 32. Kxd2 Nxg2 33. Kc3 Nh4 34. Rf1 Bb5 35. f4 Kf8 36. f5 Ke7 37. Rf4 g5 38. fxg6 Nxg6 39. Rf3 h5 40. Rf5 h4 41. Kd4 f6 42. Rh5 Ne5 43. Kc3 Nf3 44. h3 Bd7 45. Rh7+ Kd6 46. Rf7 Ke6 47. Rh7 Bb5 48. Rh5 Bc6 49. Kxc4 Bxe4 50. Ra5 Bf5 51. Rxa6+ Ke5 52. Ra3 Kf4 53. b4 Bxh3 54. b5 Be6+ 55. Kc5 h3 56. b6 Bc8 57. Ra7 h2 58. Rh7 Kg3 59. Rxh2 Kxh2 60. Kc6 f5 61. b7 Nd4+ 62. Kb6 Bxb7 63. Kxb7 f4 0-1

[Event "Baku op"]
[Site "Baku"]
[Date "2013.09.26"]
[Round "8"]
[White "Sevdimaliyev, Urfan"]
[Black "Nasri, Amin"]
[Result "1/2-1/2"]
[WhiteElo "2226"]
[BlackElo "2347"]
[PlyCount "64"]
[EventDate "2013.09.19"]
[EventType "swiss"]
[EventRounds "9"]
[EventCountry "AZE"]
[SourceTitle "CBM 156 Extra"]
[Source "ChessBase"]
[SourceDate "2013.10.22"]
[SourceVersion "1"]
[SourceVersionDate "2013.10.22"]
[SourceQuality "1"]

1. e4 Nf6 2. e5 Nd5 3. d4 d6 4. Nf3 Bg4 5. Be2 e6 6. 0-0 Nd7 7. c4 N5b6 8. exd6 cxd6 9. b3 Be7 10. a4 Rc8 11. a5 Na8 12. h3 Bh5 13. Be3 a6 14. Nc3 0-0 15. Qd2 Nc7 16. Rfd1 f5 17. b4 Nf6 18. Qd3 Qe8 19. Rac1 Ra8 20. d5 e5 21. Ng5 h6 22. Ne6 Nxe6 23. dxe6 f4 24. Bb6 Bg6 25. Qd2 Ne4 26. Nxe4 Bxe4 27. Bd3 Bxd3 28. Qxd3 f3 29. g3 Bg5 30. Rc3 Qxe6 31. Qd5 Qxd5 32. Rxd5 Be7 1/2-1/2

[Event "Baku op"]
[Site "Baku"]
[Date "2013.09.24"]
[Round "6"]
[White "Umudova, Nargiz"]
[Black "Nasri, Amin"]
[Result "0-1"]
[WhiteElo "2256"]
[BlackElo "2347"]
[PlyCount "54"]
[EventDate "2013.09.19"]
[EventType "swiss"]
[EventRounds "9"]
[EventCountry "AZE"]
[SourceTitle "CBM 156 Extra"]
[Source "ChessBase"]
[SourceDate "2013.10.22"]
[SourceVersion "1"]
[SourceVersionDate "2013.10.22"]
[SourceQuality "1"]

1. e4 e5 2. Nf3 Nc6 3. Bb5 a6 4. Ba4 Nf6 5. 0-0 d6 6. Re1 Bd7 7. d4 b5 8. Bb3 Nxd4 9. Nxd4 exd4 10. f4 Bg4 11. Qd3 c5 12. e5 dxe5 13. fxe5 Nd5 14. a4 c4 15. Qxd4 Be6 16. Ba2 Rc8 17. Qe4 Bc5+ 18. Kh1 0-0 19. b3 Nb4 20. bxc4 Nxa2 21. Rxa2 Bxc4 22. Ra1 Bf2 23. Nc3 f5 24. exf6 Qxf6 25. Bd2 Bxe1 26. Qxe1 Rce8 27. Qg1 b4 0-1

[Event "Baku op"]
[Site "Baku"]
[Date "2013.09.20"]
[Round "2"]
[White "Magalashvili, Davit"]
[Black "Nasri, Amin"]
[Result "1-0"]
[WhiteElo "2502"]
[BlackElo "2347"]
[PlyCount "81"]
[EventDate "2013.09.19"]
[EventType "swiss"]
[EventRounds "9"]
[EventCountry "AZE"]
[SourceTitle "CBM 156 Extra"]
[Source "ChessBase"]
[SourceDate "2013.10.22"]
[SourceVersion "1"]
[SourceVersionDate "2013.10.22"]
[SourceQuality "1"]

1. Nf3 Nf6 2. g3 d5 3. Bg2 c6 4. 0-0 Bg4 5. d3 Nbd7 6. Nbd2 e5 7. e4 dxe4 8. dxe4 Be7 9. h3 Bh5 10. Qe1 0-0 11. Nc4 Qc7 12. a4 Rfd8 13. Nh4 Ne8 14. Nf5 Bf8 15. f4 f6 16. fxe5 Bf7 17. e6 Bxe6 18. Bf4 Ne5 19. Nxe5 fxe5 20. Bg5 Rd7 21. Qc3 h6 22. Be3 Rf7 23. a5 Kh7 24. Nh4 Rxf1+ 25. Rxf1 Nf6 26. g4 Nd7 27. g5 Be7 28. g6+ Kh8 29. Nf5 Bf6 30. h4 Bxf5 31. Rxf5 Qd6 32. Qe1 Nf8 33. h5 Ne6 34. Kh2 Bg5 35. Rf7 Bf4+ 36. Bxf4 Nxf4 37. Bf3 Rf8 38. Qd1 Qc5 39. Rxf8+ Qxf8 40. Qd7 Ne2 41. Qf7 1-0

[Event "Rasht Khazar op 11th"]
[Site "Rasht"]
[Date "2013.03.06"]
[Round "9"]
[White "Volkov, Sergey"]
[Black "Nasri, Amin"]
[Result "1-0"]
[WhiteElo "2593"]
[BlackElo "2364"]
[PlyCount "53"]
[EventDate "2013.03.01"]
[EventType "swiss"]
[EventRounds "11"]
[EventCountry "IRI"]
[SourceTitle "CBM 153 Extra"]
[Source "ChessBase"]
[SourceDate "2013.04.22"]
[SourceVersion "1"]
[SourceVersionDate "2013.04.22"]
[SourceQuality "1"]

1. d4 Nf6 2. c4 e6 3. Nc3 Bb4 4. f3 Nc6 5. e4 d5 6. cxd5 exd5 7. e5 Ng8 8. f4 Nge7 9. Be3 0-0 10. Nf3 f6 11. Be2 fxe5 12. fxe5 Ng6 13. Qd2 Nce7 14. a3 Ba5 15. b4 Bb6 16. Na4 Nf5 17. Bf2 Qe8 18. Nc5 Nh6 19. 0-0 a5 20. Rfe1 Nf4 21. Bf1 Qg6 22. Be3 Qg4 23. Kh1 g5 24. Nxg5 Qxg5 25. g3 Ng4 26. Bxf4 Qf5 27. h3 1-0

[Event "IRI-ch"]
[Site "Zahedan"]
[Date "2012.12.15"]
[Round "11"]
[White "Nasri, Amin"]
[Black "Lorparizangeneh, Shahin"]
[Result "1-0"]
[WhiteElo "2304"]
[BlackElo "2190"]
[PlyCount "89"]
[EventDate "2012.12.07"]
[EventType "swiss"]
[EventRounds "11"]
[EventCountry "IRI"]
[SourceTitle "EXT 2014"]
[Source "ChessBase"]
[SourceDate "2013.11.20"]
[SourceVersion "1"]
[SourceVersionDate "2013.11.20"]
[SourceQuality "1"]

1. d4 d5 2. c4 c6 3. Nf3 Nf6 4. Nc3 e6 5. Bg5 dxc4 6. e4 h6 7. Bh4 b5 8. e5 g5 9. Nxg5 hxg5 10. Bxg5 Nbd7 11. exf6 Bb7 12. g3 Qb6 13. Bg2 0-0-0 14. 0-0 c5 15. d5 Ne5 16. Qe2 Nd3 17. dxe6 Bxg2 18. e7 Bxf1 19. Qg4+ Qe6 20. Qxe6+ fxe6 21. exd8Q+ Kxd8 22. Rxf1 b4 23. Na4 Ke8 24. Rd1 Bh6 25. f4 Kf7 26. b3 Bxg5 27. fxg5 e5 28. bxc4 e4 29. Rd2 Re8 30. Kf1 Re5 31. h4 Rf5+ 32. Kg2 Re5 33. Re2 Nc1 34. Rd2 Nd3 35. Kf1 Rf5+ 36. Kg1 Re5 37. Nb2 e3 38. Rxd3 e2 39. Rd7+ Ke8 40. Nd3 e1Q+ 41. Nxe1 Kxd7 42. Nd3 Re3 43. Nxc5+ Kd6 44. Kf2 Ra3 45. g6 1-0

[Event "IRI-ch"]
[Site "Zahedan"]
[Date "2012.12.10"]
[Round "5"]
[White "Darban Vaighani, Morteza"]
[Black "Nasri, Amin"]
[Result "1/2-1/2"]
[WhiteElo "2384"]
[BlackElo "2304"]
[PlyCount "20"]
[EventDate "2012.12.07"]
[EventType "swiss"]
[EventRounds "11"]
[EventCountry "IRI"]
[SourceTitle "EXT 2014"]
[Source "ChessBase"]
[SourceDate "2013.11.20"]
[SourceVersion "1"]
[SourceVersionDate "2013.11.20"]
[SourceQuality "1"]

1. d4 d5 2. c4 c6 3. Nf3 Nf6 4. Nc3 e6 5. Bg5 h6 6. Bxf6 Qxf6 7. e3 g6 8. Bd3 dxc4 9. Bxc4 Bg7 10. 0-0 0-0 1/2-1/2

[Event "IRI-ch"]
[Site "Zahedan"]
[Date "2012.12.09"]
[Round "4"]
[White "Nasri, Amin"]
[Black "Darini, Pouria"]
[Result "0-1"]
[WhiteElo "2304"]
[BlackElo "2522"]
[PlyCount "102"]
[EventDate "2012.12.07"]
[EventType "swiss"]
[EventRounds "11"]
[EventCountry "IRI"]
[SourceTitle "EXT 2014"]
[Source "ChessBase"]
[SourceDate "2013.11.20"]
[SourceVersion "1"]
[SourceVersionDate "2013.11.20"]
[SourceQuality "1"]

1. d4 Nf6 2. c4 g6 3. Nf3 Bg7 4. Nc3 d5 5. e3 0-0 6. cxd5 Nxd5 7. Bc4 Nxc3 8. bxc3 c5 9. 0-0 Qc7 10. Qe2 Bg4 11. Rb1 Nc6 12. Bd3 e5 13. d5 Ne7 14. e4 f5 15. h3 Bxf3 16. Qxf3 fxe4 17. Qxe4 Nf5 18. Bg5 Nd6 19. Qh4 Rae8 20. Bb5 Rc8 21. Qg4 Rf5 22. Be3 e4 23. Bf4 Rxf4 24. Qxf4 Nxb5 25. Qxc7 Nxc7 26. d6 Nd5 27. Rxb7 Nxc3 28. Rc7 Rd8 29. Rxc5 Bd4 30. Rc6 Kf7 31. Rc7+ Ke6 32. Rxh7 Rxd6 33. h4 Nxa2 34. Rb1 Rb6 35. Rd1 Nc3 36. Rf1 a5 37. Ra7 a4 38. g4 Ke5 39. Kg2 Kf4 40. h5 Kxg4 41. h6 Rb8 42. Ra6 g5 43. h7 Rf8 44. Rd6 Be5 45. Re6 Kf5 46. Ra6 Rh8 47. Rh1 Bg7 48. Ra7 Kg6 49. Kg3 Bd4 50. Re7 a3 51. Kg4 Nd5 0-1

[Event "IRI-ch"]
[Site "Zahedan"]
[Date "2012.12.08"]
[Round "3"]
[White "Toufighi, Homayoon"]
[Black "Nasri, Amin"]
[Result "1/2-1/2"]
[WhiteElo "2440"]
[BlackElo "2304"]
[PlyCount "52"]
[EventDate "2012.12.07"]
[EventType "swiss"]
[EventRounds "11"]
[EventCountry "IRI"]
[SourceTitle "EXT 2014"]
[Source "ChessBase"]
[SourceDate "2013.11.20"]
[SourceVersion "1"]
[SourceVersionDate "2013.11.20"]
[SourceQuality "1"]

1. d4 Nf6 2. Nf3 e6 3. Bf4 c5 4. e3 b6 5. Nbd2 Bb7 6. Nc4 Be7 7. Nd6+ Bxd6 8. Bxd6 Ne4 9. Bf4 0-0 10. Bd3 f5 11. c3 d5 12. Qe2 Nd7 13. Ne5 Nxe5 14. Bxe5 Qe7 15. g4 cxd4 16. exd4 fxg4 17. Bxe4 dxe4 18. Rg1 e3 19. fxe3 Bf3 20. Qd3 Rf5 21. Bg3 Qb7 22. Kd2 Be4 23. Qe2 Bf3 24. Qd3 Be4 25. Qe2 Bf3 26. Qc4 Bd5 1/2-1/2

[Event "Hamadan Iran op 11th"]
[Site "Hamadan"]
[Date "2012.07.18"]
[Round "11"]
[White "Nasri, Amin"]
[Black "Aghaei, Alireza"]
[Result "1/2-1/2"]
[WhiteElo "2316"]
[BlackElo "2175"]
[PlyCount "26"]
[EventDate "2012.07.11"]
[EventType "swiss"]
[EventRounds "11"]
[EventCountry "IRI"]
[SourceTitle "CBM 149 Extra"]
[Source "ChessBase"]
[SourceDate "2012.08.24"]
[SourceVersion "1"]
[SourceVersionDate "2012.08.24"]
[SourceQuality "1"]

1. Nf3 Nf6 2. g3 g6 3. Bg2 Bg7 4. d3 d5 5. 0-0 0-0 6. Nbd2 c5 7. e4 Nc6 8. c3 e5 9. Re1 d4 10. c4 Ne8 11. Rf1 Nd6 12. Ne1 f5 13. f4 Kh8 1/2-1/2

[Event "Hamadan Iran op 11th"]
[Site "Hamadan"]
[Date "2012.07.16"]
[Round "8"]
[White "Aadeli, Arvin"]
[Black "Nasri, Amin"]
[Result "0-1"]
[WhiteElo "2015"]
[BlackElo "2316"]
[PlyCount "39"]
[EventDate "2012.07.11"]
[EventType "swiss"]
[EventRounds "11"]
[EventCountry "IRI"]
[SourceTitle "CBM 149 Extra"]
[Source "ChessBase"]
[SourceDate "2012.08.24"]
[SourceVersion "1"]
[SourceVersionDate "2012.08.24"]
[SourceQuality "1"]

1. e4 c5 2. Nf3 e6 3. d3 a6 4. g3 b5 5. Bg2 Bb7 6. 0-0 g6 7. Re1 d6 8. d4 Nd7 9. Bf4 cxd4 10. Qxd4 e5 11. Qd2 exf4 12. e5 d5 13. e6 fxe6 14. Rxe6+ Be7 15. Nc3 Nc5 16. Qd4 Nxe6 17. Qxh8 Kd7 18. Qxh7 Nf6 19. Qxg6 Qg8 20. Qxf6 0-1

[Event "Jakarta Indonesia op 1st"]
[Site "Jakarta"]
[Date "2011.10.18"]
[Round "8"]
[White "Nasri, Amin"]
[Black "Grigoryan, Karen H"]
[Result "1-0"]
[WhiteElo "2283"]
[BlackElo "2473"]
[PlyCount "73"]
[EventDate "2011.10.13"]
[EventType "swiss"]
[EventRounds "9"]
[EventCountry "INA"]
[SourceTitle "EXT 2012"]
[Source "ChessBase"]
[SourceDate "2011.11.24"]
[SourceVersion "1"]
[SourceVersionDate "2011.11.24"]
[SourceQuality "1"]

1. d4 f5 2. e4 fxe4 3. Nc3 Nf6 4. Bg5 Nc6 5. d5 Ne5 6. Qe2 Nf7 7. Bxf6 exf6 8. Nxe4 Be7 9. d6 cxd6 10. 0-0-0 0-0 11. f4 d5 12. Rxd5 d6 13. Nf3 f5 14. Nc3 Bf6 15. Nd4 Qb6 16. Qd2 g6 17. Bb5 a6 18. Ba4 Qa7 19. Re1 b5 20. Bb3 Kg7 21. g4 fxg4 22. Ne4 Bh4 23. Qc3 Kh6 24. Ng3 Nd8 25. Rxd6 Rxf4 26. Re5 Bf6 27. Rh5+ gxh5 28. Ndf5+ Rxf5 29. Nxf5+ Bxf5 30. Qxf6+ Bg6 31. Qf8+ Kg5 32. Rd5+ Kh4 33. Qf6+ Kh3 34. Qc3+ Kxh2 35. Rd2+ Kg1 36. Qg3+ Kf1 37. Rd1+ 1-0

[Event "Jakarta Indonesia op 1st"]
[Site "Jakarta"]
[Date "2011.10.16"]
[Round "4"]
[White "Nasri, Amin"]
[Black "Fahmi, Jauhari"]
[Result "1-0"]
[WhiteElo "2283"]
[BlackElo "2191"]
[PlyCount "54"]
[EventDate "2011.10.13"]
[EventType "swiss"]
[EventRounds "9"]
[EventCountry "INA"]
[SourceTitle "EXT 2012"]
[Source "ChessBase"]
[SourceDate "2011.11.24"]
[SourceVersion "1"]
[SourceVersionDate "2011.11.24"]
[SourceQuality "1"]

1. d4 Nf6 2. c4 g6 3. Nc3 Bg7 4. e4 d6 5. Be2 0-0 6. Bg5 Nbd7 7. h4 h6 8. Be3 e5 9. d5 Nc5 10. Qc2 a5 11. h5 g5 12. f3 c6 13. g4 cxd5 14. cxd5 Bd7 15. Nh3 a4 16. Nf2 a3 17. b3 Qa5 18. 0-0 b5 19. b4 Qxb4 20. Rab1 Qa5 21. Nxb5 Bxb5 22. Bxb5 Rfc8 23. Bc6 Rab8 24. Rfc1 Na6 25. Bd2 Qc7 26. Qa4 Rxb1 27. Rxb1 Nb8 1-0